000
00299nam a2200121 a 4500
008
101022s1984|||| d
100
1
_a
Vargas Llosa, Mario
245
1
0
_a
Pantaleón a jeho ženský regiment
260
_b
Tatran
_a
Bratislava
_c
1984
020
_c
30
041
_a
slo
044
_a
xo
_c
SK
999
_c
12052
_d
12052